| 000 | 00387nam a22001337a 4500 | ||
|---|---|---|---|
| 082 |
_a891.4391 _bIQB |
||
| 100 |
_aIqbal. allama _937413 |
||
| 245 |
_aPas chih baeed kard _bAllama iqbal |
||
| 260 |
_aLahore. _bImporters and distributors booksellers and publishers |
||
| 300 |
_a99 p. _bill. _c22 cm. |
||
| 526 |
_a0 _b0 _c0 _d891_439100000000000_IQB |
||
| 650 |
_aMCE _9379 |
||
| 942 |
_2ddc _cBK |
||
| 999 |
_c549410 _d549410 |
||